Nietzsche pursued : toward a philosophy for the future /

Bibliographic Details
Main Author: Schacht, Richard, 1941- (Author)
Corporate Author: Walter de Gruyter & Co
Format: eBook
Language:English
Published: Chicago : The University of Chicago Press, 2024.
Subjects:
Online Access:Connect to the full text of this electronic book

MARC

Tag First Indicator Second Indicator Subfields
LEADER 00000nam a2200000 i 4500
001 in00005620421
003 OCoLC
006 m o d
007 cr |n|||||||||
008 241002t20242024ilu ob 001 0 eng d
005 20250816191116.0
019 |a 1452592432  |a 1493234487 
020 |a 9780226834672  |q (electronic book) 
020 |a 0226834670  |q (electronic book) 
020 |z 9780226834665  |q (hardcover) 
024 8 |a 90101293942 
035 |a (OCoLC)1459765368  |z (OCoLC)1452592432  |z (OCoLC)1493234487 
037 |a au11xaz9  |b cloudLibrary  |n https://yourcloudlibrary.com 
040 |a YDX  |b eng  |e rda  |e pn  |c YDX  |d N$T  |d OCLCO  |d EBLCP  |d DEGRU  |d WAU  |d CLOUD  |d OCLCQ 
050 4 |a B3317  |b .S362 2024 
072 7 |a PHI005000  |2 bisacsh 
072 7 |a PHI006000  |2 bisacsh 
072 7 |a PHI031000  |2 bisacsh 
072 7 |a PHI046000  |2 bisacsh 
082 0 4 |a 193  |2 23/eng/20240304 
100 1 |a Schacht, Richard,  |d 1941-  |e author.  |1 https://id.oclc.org/worldcat/entity/E39PBJktttK6jpdBWFh8mgQTHC 
245 1 0 |a Nietzsche pursued :  |b toward a philosophy for the future /  |c Richard Schacht. 
264 1 |a Chicago :  |b The University of Chicago Press,  |c 2024. 
264 4 |c ©2024 
300 |a 1 online resource ( x, 362 pages) : 
336 |a text  |b txt  |2 rdacontent 
337 |a computer  |2 rdamedia  |b c 
338 |a online resource  |2 rdacarrier  |b cr 
504 |a Includes bibliographical references and index. 
505 0 |a Toward a Post-Scientistic Naturalism : Naturalizing without Dehumanizing -- Toward a Post-Essentialist Philosophical Anthropology : Nietzsche's Way with the Human -- Toward a Post-Subjectivist Perspectivism : Nietzsche and the Perspectival -- Toward a Post-Moralist Moral Philosophy : A Nietzschean Naturalizing of the Moral -- Toward a Post-Political Political Philosophy : Reconceiving the Political -- Toward a Post-Metaphysical Metaphysics? : On "Will to Power" and More -- Toward a Post-Romantic Reckoning with Music : Music as Muse -- Addenda -- Nietzsche and Science : A Cautionary Tale -- Renderings and Takings : From "Wissenschaft" to "Übermensch". 
545 0 |a Richard Schacht is emeritus professor of philosophy at the University of Illinois at Urbana-Champaign. 
588 0 |a Print version record. 
600 1 0 |a Nietzsche, Friedrich Wilhelm,  |d 1844-1900. 
650 0 |a Philosophy, Modern  |y 21st century. 
650 6 |a Philosophie  |y 21e siècle. 
650 7 |a PHILOSOPHY / General.  |2 bisacsh 
655 7 |a Electronic books.  |2 local 
710 2 |a Walter de Gruyter & Co. 
776 1 8 |i Print version:  |a Schacht, Richard, 1941-  |t Nietzsche pursued.  |d Chicago : The University of Chicago Press, 2024  |z 9780226834665  |w (DLC) 2024003557  |w (OCoLC)1424941617 
856 4 0 |u http://proxy.library.tamu.edu/login?url=https://www.degruyter.com/isbn/9780226834672  |z Connect to the full text of this electronic book  |t 0 
945 |b 342888 
955 |a YBP purchased Special Fund firm e-records 
980 |b replacement  |c 90101293942  |g 565743  |k USD  |m 199.98  |o 2025 Lost Replacement Copy  |q 1  |s AcqMono Conventional  |t Purchase at vendor system  |u Vendor order reference number  |v ZYBP  |y    |z Electronic resource 
999 f f |i 8c68daab-6b20-4683-84d8-da50fecba5a9  |s 7fbe9ec2-1b44-421a-b5f2-e3c3281fa9b0  |t 0 
952 f f |a Texas A&M University  |b College Station  |c Electronic Resources  |d Available Online  |t 0  |e B3317 .S362 2024  |h Library of Congress classification 
998 f f |a B3317 .S362 2024  |t 0  |l Available Online